Pediatric primary care case studies / (Record no. 60369)

MARC details
000 -LEADER
fixed length control field 01072cam a22003374a 4500
001 - CONTROL NUMBER
control field 15665899
005 - DATE AND TIME OF LATEST TRANSACTION
control field 20260417070635.0
008 - FIXED-LENGTH DATA ELEMENTS--GENERAL INFORMATION
fixed length control field 090318s2010 maua b 001 0 eng
010 ## - LIBRARY OF CONGRESS CONTROL NUMBER
LC control number 2009011613
016 7# - NATIONAL BIBLIOGRAPHIC AGENCY CONTROL NUMBER
Record control number 101499393
Source DNLM
020 ## - INTERNATIONAL STANDARD BOOK NUMBER
International Standard Book Number 9780763761363
020 ## - INTERNATIONAL STANDARD BOOK NUMBER
International Standard Book Number 0763761362
035 ## - SYSTEM CONTROL NUMBER
System control number 15665899
035 ## - SYSTEM CONTROL NUMBER
System control number (OCoLC)316421300
040 ## - CATALOGING SOURCE
Original cataloging agency DNLM/DLC
Transcribing agency DLC
Modifying agency YDX
-- NLM
-- BTCTA
-- YDXCP
-- UBY
-- DLC
042 ## - AUTHENTICATION CODE
Authentication code pcc
050 00 - LIBRARY OF CONGRESS CALL NUMBER
Classification number RJ58
Item number .P45 2010
245 00 - TITLE STATEMENT
Title Pediatric primary care case studies /
260 ## - PUBLICATION, DISTRIBUTION, ETC. (IMPRINT)
Place of publication, distribution, etc Sudbury, Mass. :
Name of publisher, distributor, etc Jones and Bartlett Publishers,
Date of publication, distribution, etc c2010.
300 ## - PHYSICAL DESCRIPTION
Extent xiii, 546 p. :
Other physical details ill. ;
Dimensions 23 cm.
504 ## - BIBLIOGRAPHY, ETC. NOTE
Bibliography, etc Includes bibliographical references and index.
650 #0 - SUBJECT ADDED ENTRY--TOPICAL TERM
Topical term or geographic name as entry element Pediatrics
Form subdivision Case studies.
650 12 - SUBJECT ADDED ENTRY--TOPICAL TERM
Topical term or geographic name as entry element Pediatrics
Form subdivision Problems and Exercises.
650 22 - SUBJECT ADDED ENTRY--TOPICAL TERM
Topical term or geographic name as entry element Primary Health Care
Form subdivision Problems and Exercises.
655 #7 - INDEX TERM--GENRE/FORM
Genre/form data or focus term Case studies.
Source of term lcgft
700 1# - ADDED ENTRY--PERSONAL NAME
Personal name Burns, Catherine E.
700 1# - ADDED ENTRY--PERSONAL NAME
Personal name Richardson, Beth,
Titles and other words associated with a name CPNP.
700 1# - ADDED ENTRY--PERSONAL NAME
Personal name Brady, Margaret A.
906 ## - LOCAL DATA ELEMENT F, LDF (RLIN)
a 7
b cbc
c orignew
d 1
e ecip
f 20
g y-gencatlg
942 ## - ADDED ENTRY ELEMENTS (KOHA)
Source of classification or shelving scheme Library of Congress Classification
Item type Book
Holdings
Withdrawn status Lost status Source of classification or shelving scheme Damaged status Not for loan Collection code Home library Current library Shelving location Date acquired Source of acquisition Cost, normal purchase price Total Checkouts Full call number Barcode Date last seen Copy number Price effective from Koha item type
    Library of Congress Classification   Not For Loan Non-fiction Bishop Okullu Memorial Library (Limuru Campus) Bishop Okullu Memorial Library (Limuru Campus) Processing Center 17/04/2026 Donation- Pittsburgh 2470.00   RJ58 .P45 2010 073340 17/04/2026 1 17/04/2026 Book